La valoración de la condición física en la educación infantil : principales test de aplicación /

Bibliographic Details
Main Author: Ayan Perez, Carlos (Author)
Format: Electronic eBook
Language:Spanish
Published: Barcelona : Paidotribo, [2017]
Edition:Primera edición.
Subjects:
Online Access:Digitalia Hispánica

MARC

LEADER 00000nam a2200000Ii 4500
001 DIGEDPBR0181
003 NyNyDIG
006 m o d
007 cr |||||||||||
008 260105s2017 sp ob 000 0 spa d
035 |a (OCoLC)1570096669 
040 |a DGITA  |b eng  |e rda  |e pn  |c DGITA 
020 |a 9788499106908  |q ePub 
020 |z 9788499106076 
050 1 4 |a GV443 ebook 
100 1 |a Ayan Perez, Carlos,  |e author. 
245 1 3 |a La valoración de la condición física en la educación infantil :  |b principales test de aplicación /  |c Carlos Ayán Pérez. 
250 |a Primera edición. 
264 1 |a Barcelona :  |b Paidotribo,  |c [2017] 
300 |a 1 online resource. 
336 |a text  |b txt  |2 rdacontent 
337 |a computer  |b c  |2 rdamedia 
338 |a online resource  |b cr  |2 rdacarrier 
347 |a text file  |2 rdaft 
347 |b EPUB 
504 |a Includes bibliographical references. 
588 0 |a Online resource; title from ePub title page (Digitalia, viewed January 5, 2026) 
650 0 |a Physical education for children  |x Study and teaching (Early childhood) 
650 0 |a Physical education for children  |x Study and teaching (Early childhood)  |x Activity programs. 
650 0 |a Preschool children  |x Health and hygiene. 
650 0 |a Physical fitness for children. 
650 0 |a Children  |x Health aspects. 
791 2 |a Digitalia (Firm),  |e distributor. 
793 0 |g Digitalia eBook Collection:  |a Editorial Paidotribo 
776 0 8 |i Print version:  |a Ayan Perez, Carlos.  |t Valoración de la condición física en la educación infantil.  |b Primera edición.  |d Barcelona : Paidotribo, [2017]  |z 9788499106076 
856 4 0 |3 Digitalia Hispánica  |u https://www.digitaliapublishing.com/a/159830/ 
910 |a Premium collection: 2026